000 01093cam a2200325 a 4500
001 16342791
003 ARRUPE
005 20140506020009.0
008 100721s2010 enka b 001 0 eng
010 _a 2010281203
015 _aGBB006347
_2bnb
015 _aGBB006347
_2dnb
016 7 _a015467742
_2Uk
020 _a9780199569250 (pbk. : alk. paper)
035 _a(OCoLC)ocn501395020
040 _aUKM
_cUKM
_dYDXCP
_dBWKUK
_dDEBBG
_dBTCTA
_dBWK
_dBWX
_dDLC
042 _alccopycat
050 0 0 _aB2521
_b.B68 2010
082 0 4 _a193
_222
100 1 _aBowie, Andrew,
_d1952-
_95587
245 1 0 _aGerman philosophy :
_ba very short introduction /
_cAndrew Bowie.
260 _aOxford ;
_aNew York :
_bOxford University Press,
_c2010.
300 _a137 p. :
_bill. ;
_c18 cm.
490 0 _aA very short introduction
504 _aIncludes bibliographical references and index.
650 0 _aPhilosophy, German.
_95588
906 _a7
_bcbc
_ccopycat
_d2
_encip
_f20
_gy-gencatlg
942 _2lcc
_cMONOGRAPH
_01
999 _c119228
_d119228